Методы и средства диагностики пучков ионизирующего излучения; Известия вузов. Физика; Т. 56, № 4-2
| Parent link: | Известия вузов. Физика: научный журнал/ Национальный исследовательский Томский государственный университет (ТГУ).— , 1957- Т. 56, № 4-2.— 2013.— [С. 186-196] |
|---|---|
| المؤلف الرئيسي: | |
| مؤلفون آخرون: | , |
| الملخص: | Заглавие с титульного экрана Проведен анализ методов и средств диагностики пучков ионизирующего излучения ускорителей, в том числе методики использования контактных и оптических датчиков. Также представлены результаты экспериментальной апробации сцинтиллятора, основанного на фотодиоде в конструкции со световодом, позволяющего регистрировать рентгеновское излучение, приведена схема и результаты испытаний системы диагностики электронных пучков и гамма-излучения на основе модернизированной ионизационной камеры. Помимо этого продемонстрирована методика использования дозиметрических полимерных пленок для диагностики полей ионизирующего излучения ускорителей Режим доступа: по договору с организацией-держателем ресурса |
| اللغة: | الروسية |
| منشور في: |
2013
|
| الموضوعات: | |
| الوصول للمادة أونلاين: | http://elibrary.ru/item.asp?id=20193660 |
| التنسيق: | MixedMaterials الكتروني فصل الكتاب |
| KOHA link: | https://koha.lib.tpu.ru/cgi-bin/koha/opac-detail.pl?biblionumber=637538 |
MARC
| LEADER | 00000nla0a2200000 4500 | ||
|---|---|---|---|
| 001 | 637538 | ||
| 005 | 20250423085758.0 | ||
| 035 | |a (RuTPU)RU\TPU\network\1690 | ||
| 090 | |a 637538 | ||
| 100 | |a 20140925d2013 k||y0rusy50 ca | ||
| 101 | 0 | |a rus | |
| 102 | |a RU | ||
| 135 | |a drnn ---uucaa | ||
| 181 | 0 | |a i | |
| 182 | 0 | |a b | |
| 200 | 1 | |a Методы и средства диагностики пучков ионизирующего излучения |f И. А. Милойчикова, С. Г. Стучебров, А. Р. Вагнер | |
| 203 | |a Текст |c электронный | ||
| 300 | |a Заглавие с титульного экрана | ||
| 320 | |a [Библиогр.: с. 196 (15 назв.)] | ||
| 330 | |a Проведен анализ методов и средств диагностики пучков ионизирующего излучения ускорителей, в том числе методики использования контактных и оптических датчиков. Также представлены результаты экспериментальной апробации сцинтиллятора, основанного на фотодиоде в конструкции со световодом, позволяющего регистрировать рентгеновское излучение, приведена схема и результаты испытаний системы диагностики электронных пучков и гамма-излучения на основе модернизированной ионизационной камеры. Помимо этого продемонстрирована методика использования дозиметрических полимерных пленок для диагностики полей ионизирующего излучения ускорителей | ||
| 333 | |a Режим доступа: по договору с организацией-держателем ресурса | ||
| 337 | |a Adobe Reader | ||
| 461 | |t Известия вузов. Физика |o научный журнал |f Национальный исследовательский Томский государственный университет (ТГУ) |d 1957- | ||
| 463 | |t Т. 56, № 4-2 |v [С. 186-196] |d 2013 | ||
| 610 | 1 | |a труды учёных ТПУ | |
| 610 | 1 | |a электронный ресурс | |
| 610 | 1 | |a ионизирующее излучение | |
| 610 | 1 | |a ионизационные камеры | |
| 610 | 1 | |a ускорители | |
| 700 | 1 | |a Милойчикова |b И. А. |c физик |c доцент Томского политехнического университета, кандидат физико-математических наук |f 1988- |g Ирина Алексеевна |3 (RuTPU)RU\TPU\pers\35464 |9 18661 | |
| 701 | 1 | |a Стучебров |b С. Г. |c физик |c доцент Томского политехнического университета, кандидат физико-математических наук |f 1981- |g Сергей Геннадьевич |3 (RuTPU)RU\TPU\pers\31441 |9 15603 | |
| 701 | 1 | |a Вагнер |b А. Р. |c физик |c доцент Томского политехнического университета |f 1983- |g Александр Рудольфович |3 (RuTPU)RU\TPU\pers\28129 | |
| 801 | 2 | |a RU |b 63413507 |c 20210628 |g RCR | |
| 850 | |a 63413507 | ||
| 856 | 4 | |u http://elibrary.ru/item.asp?id=20193660 | |
| 942 | |c CF | ||